00325 a2200109 4500001000900000005001700009008004100026245004900067100002100116700002400137773005400161ART_765020260410161637.0260409a 10aAcciones y cuotas y participaciones sociales1 aLorenzo, Armando1 aCavalli, César M.0 tConsultor tributariog- Nº 7 (sep. 2007)wREV474